000 00277nam a2200121Ia 4500
008 190216s9999||||xx |||||||||||||| ||und||
100 _aIvanov B N
245 0 _aFundamentals Of Physics
260 _bMir Publishers
_c1989
300 _a455 p
650 _aPhysics
942 _cBK
999 _c33194
_d33194